| 000 | 00471nam a2200181Ia 4500 | ||
|---|---|---|---|
| 001 | 23370 | ||
| 005 | 20260414150932.0 | ||
| 008 | 260414t2013||||xx |||||||||||||| ||spa|| | ||
| 041 | _aESP | ||
| 082 |
_a629.892 _bP45 |
||
| 100 |
_aPérez Cruz, Juan _eAUT |
||
| 245 | 0 |
_aManiobras en autómatas programables de acuerdo con la norma IEC-61131-3 _b |
|
| 260 | _c2013 | ||
| 300 |
_a208 páginas : _c24 cm. |
||
| 650 | _aCNM | ||
| 654 | _aCCN | ||
| 942 |
_cLIB _dJUS _fJUS _2ddc _n |
||
| 999 |
_c23370 _d23370 |
||